MyGZULibrary

Child health assessment : (Record no. 5207)

MARC details
000 -LEADER
fixed length control field 01324cam a22003374a 4500
001 - CONTROL NUMBER
control field 4048279
003 - CONTROL NUMBER IDENTIFIER
control field GZU
005 - DATE AND TIME OF LATEST TRANSACTION
control field 20210330101022.0
008 - FIXED-LENGTH DATA ELEMENTS--GENERAL INFORMATION
fixed length control field 990225s2000 mau bf 001 0 eng c
010 ## - LIBRARY OF CONGRESS CONTROL NUMBER
LC control number 99021430
020 ## - INTERNATIONAL STANDARD BOOK NUMBER
International Standard Book Number 0205198325
040 ## - CATALOGING SOURCE
Original cataloging agency DNLM/DLC
Transcribing agency DLC
Modifying agency DLC
042 ## - AUTHENTICATION CODE
Authentication code pcc
050 00 - LIBRARY OF CONGRESS CALL NUMBER
Classification number RJ50
Item number .ROD 2000
100 1# - MAIN ENTRY--PERSONAL NAME
Personal name Rodrigue, James R.
Relator term author
245 10 - TITLE STATEMENT
Title Child health assessment :
Remainder of title a handbook of measurement techniques /
Statement of responsibility, etc. James R. Rodrigue, Gary R. Geffken, Randi M. Streisand ; foreword by Anthony Spirito.
260 ## - PUBLICATION, DISTRIBUTION, ETC.
Place of publication, distribution, etc. Boston :
Name of publisher, distributor, etc. Allyn & Bacon,
Date of publication, distribution, etc. c2000.
300 ## - PHYSICAL DESCRIPTION
Extent xiv, 256 p. ;
Dimensions 25 cm.
504 ## - BIBLIOGRAPHY, ETC. NOTE
Bibliography, etc. note Includes bibliographical references and index.
650 #0 - SUBJECT ADDED ENTRY--TOPICAL TERM
Topical term or geographic name entry element Children
General subdivision Medical examinations
Form subdivision Handbooks, manuals, etc.
650 #0 - SUBJECT ADDED ENTRY--TOPICAL TERM
Topical term or geographic name entry element Child development
General subdivision Testing
Form subdivision Handbooks, manuals, etc.
650 #0 - SUBJECT ADDED ENTRY--TOPICAL TERM
Topical term or geographic name entry element Medical screening
Form subdivision Handbooks, manuals, etc.
650 12 - SUBJECT ADDED ENTRY--TOPICAL TERM
Topical term or geographic name entry element Pediatrics
General subdivision methods.
650 22 - SUBJECT ADDED ENTRY--TOPICAL TERM
Topical term or geographic name entry element Pediatrics
General subdivision standards.
650 22 - SUBJECT ADDED ENTRY--TOPICAL TERM
Topical term or geographic name entry element Questionnaires.
700 1# - ADDED ENTRY--PERSONAL NAME
Personal name Geffken, Gary R.
Relator term author
700 1# - ADDED ENTRY--PERSONAL NAME
Personal name Streisand, Randi M.
Relator term author
906 ## - LOCAL DATA ELEMENT F, LDF (RLIN)
a 7
b cbc
c pccadap
d 1
e ocip
f 19
g y-gencatlg
942 ## - ADDED ENTRY ELEMENTS (KOHA)
Source of classification or shelving scheme Library of Congress Classification
Koha item type Books
Classification part 50
Item part ROD
Call number prefix RJ

No items available.